Postavenie ropy v Európe diplomová práca

Enregistré dans:
Détails bibliographiques
Auteur principal: Schlesinger, Eduard
Collectivité auteur: Fakulta medzinárodných vzťahov EU. Katedra medzinárodných ekonomických vzťahov a hospodárskej diplomacie
Autres auteurs: Grešš, Martin, 1978-
Format: Livre
Langue:slovaque
Publié: Bratislava 2016
Tags: Ajouter un tag
Pas de tags, Soyez le premier à ajouter un tag!

MARC

LEADER 00000nbm a2200000 4500
001 0221448
005 20170209154433.9
041 0 |a slo 
044 |a SK 
245 1 0 |a Postavenie ropy v Európe  |b diplomová práca  |c Eduard Schlesinger ; školiteľ: Martin Grešš 
264 1 |a Bratislava  |c 2016 
300 |a 69 s. 
100 1 |a Schlesinger, Eduard 
700 1 |a Grešš, Martin, 1978- 
710 2 |a Fakulta medzinárodných vzťahov EU. Katedra medzinárodných ekonomických vzťahov a hospodárskej diplomacie